000 00910nam a22001697a 4500
003 OSt
005 20251204161806.0
008 251204b |||||||| |||| 00| 0 eng d
040 _cDCL
082 _a၂၉၄.၃၄၄၃၃
100 _aလှိုင်မဟာစည်ဆရာတော်။
245 0 0 _aလှိုင်မဟာစည် ဒါန၊ သီလ၊ သမထ၊ ဝိပဿနာ ဝတ်ရွတ်စဉ် (မူကြမ်း) /
_b
_cလှိုင်မဟာစည်ဆရာတော်။
260 _aရန်ကုန် ၊
_bလှိုင်မဟာစည် ဝိပဿနာကျောင်းတိုက်၊
_c၂၀၀၈။
300 _a၈၈ စာမျက်နှာ ၊
_c၂၂ စင်တီ။
650 _aဗုဒ္ဓဘာသာ ဝတ်ရွတ်စဉ်
942 _2ddc
_cSHORT TERM
_n0
999 _c2658
_d2658